| 000 | 00572nam a2200169 4500 | ||
|---|---|---|---|
| 001 | 137964 | ||
| 003 | ES-MaACL | ||
| 005 | 20250929063204.0 | ||
| 007 | t| | ||
| 008 | 070214s1927 cu r ||||1| spa d | ||
| 100 | 1 |
_aSánchez de Fuentes, Eduardo, _d1874-1944 _9102577 |
|
| 245 | 1 | 0 |
_aInfluencia de los ritmos africanos en nuestro cancionero _b: las nuevas tendencias del arte sonoro / _cEduardo Sánchez de Fuentes. |
| 260 |
_aLa Habana : _bEl siglo XX, _c1927. |
||
| 300 |
_a88 p. ; _c24 x 16 cm. |
||
| 852 |
_aES-MaACL _j1738-F-14 |
||
| 999 |
_c137964 _d137964 |
||